000 00349nam a2200109Ia 4500
005 20251222154418.0
008 251222s9999||||xx |||||||||||||| ||spa||
082 _a338.985/M84
100 _a"Montoya Canchis, Luis"
245 0 _aMirando el futuro desde el cono norte de Lima: Diagnóstico económico del cono norte de Lima metropolitana
942 _cLIB
999 _c35928
_d35928